Engineering mechanics. V.1 : Statics /
This book is about: Introduction to statics; Force systems; Equilibrium; Structures; Distributed forces; Friction; ...
Sparad:
| Huvudupphovsman: | |
|---|---|
| Övriga upphovsmän: | |
| Materialtyp: | Bok |
| Språk: | English |
| Publicerad: |
New York :
John Wiley and Sons,
1997.
|
| Upplaga: | 4th ed. |
| Ämnen: | |
| Taggar: |
Lägg till en tagg
Inga taggar, Lägg till första taggen!
|
| Thư viện lưu trữ: | Mạng thư viện Đại học Đà Nẵng |
|---|
| LEADER | 01358cam a2200421 i 4500 | ||
|---|---|---|---|
| 001 | 000048797 | ||
| 003 | 8523 | ||
| 005 | 20180103104719.0 | ||
| 008 | 010324b1997 vm 000 eng | ||
| 020 | |a 0471241644 | ||
| 040 | |a LRCC |c LRCC |d LRCC | ||
| 041 | 0 | |a eng | |
| 082 | 1 | 4 | |a 620.1 |b ME-J |
| 100 | 1 | |a Meriam, J. L. |q (James L.) | |
| 245 | 0 | 0 | |a Engineering mechanics. |n V.1 : |p Statics / |c J. L. Meriam, L. G. Kraige. |
| 250 | |a 4th ed. | ||
| 260 | |a New York : |b John Wiley and Sons, |c 1997. | ||
| 300 | |a 524 p. ; |c 23cm. | ||
| 520 | 3 | |a This book is about: Introduction to statics; Force systems; Equilibrium; Structures; Distributed forces; Friction; ... | |
| 630 | 0 | 4 | |a Engineering. |
| 630 | 0 | 4 | |a Mechanics. |
| 630 | 0 | 4 | |a Dynamics. |
| 630 | 0 | 4 | |a Applied. |
| 650 | 0 | 4 | |a Dynamics. |
| 650 | 0 | 4 | |a Mechanics, Applied. |
| 700 | 1 | |a Kraige, L. G. | |
| OWN | |a DUT | ||
| AVA | |a UDN50 |b DUT |c Book |d 620.1 ME-J |e available |t Error 5001 Not defined in file expand_doc_bib_avail. |f 1 |g 0 |h N |i 0 |j SH |k 1 | ||
| 999 | |a From the UDN01 | ||
| AVA | |a UDN50 |b DUT |c Book |d 620.1 ME-J |e available |t Error 5001 Not defined in file expand_doc_bib_avail. |f 1 |g 0 |h N |i 0 |j SH |k 1 | ||
| TYP | |a Monograph | ||
| TYP | |a Printed language | ||
| 980 | |a Mạng thư viện Đại học Đà Nẵng | ||


